000 00623cam a22002173a 4500
001 41215
003 PGUSA
005 20140828083928.0
008 121028s2012||||xxu|||||s|||||000 | eng d
040 _aPGUSA
_beng
042 _adc
100 1 _aThompson, Francis,
_d1859-1907
245 1 0 _aSelected Poems of Francis Thompson
_h[electronic resource] /
_cFrancis Thompson
260 _bProject Gutenberg,
_c2012
506 _aPublic domain in the USA.
516 _aElectronic text
700 1 _aMeynell, Wilfrid
830 0 _aProject Gutenberg
_v41215
856 4 0 _uhttp://www.gutenberg.org/ebooks/41215
942 _cEB
999 _c270467
_d270467